000 00610cam a22002173a 4500
001 34361
003 PGUSA
005 20140828083736.0
008 101118s2010||||xxu|||||s|||||000 | eng d
040 _aPGUSA
_beng
042 _adc
100 1 _aSudermann, Hermann,
_d1857-1928
245 1 4 _aThe Song of Songs
_h[electronic resource] /
_cHermann Sudermann
260 _bProject Gutenberg,
_c2010
506 _aPublic domain in the USA.
516 _aElectronic text
700 1 _aMarshall, Beatrice
830 0 _aProject Gutenberg
_v34361
856 4 0 _uhttp://www.gutenberg.org/ebooks/34361
942 _cEB
999 _c263616
_d263616